00294nam a22001217a 4500003000400000082001800004100001800022245006300040260002600103300000700129650002500136653001100161SGT a617.643bC24S aSharma, Mansi aCaries prevalence and pattern in primary dentition period  bSGT University c2024 a67 aPediatric Dentistry  aMDS LD